000
00287nam a2200121Ia 4500
008
220204s9999 xx 000 0 und d
082
_a
621.7
_b
PAT
100
_a
William J
245
0
_a
Machine tool operations
260
_a
Reston
_b
Reston
_c
1974
650
_a
Machine tools
942
_c
BK
999
_c
27009
_d
27009